000 00607nam a2200229Ia 4500
003 OSt
005 20220926004519.0
006 a|||||r|||| 00| 0
007 ta
008 220923b |||||||| |||| 00| 0 eng d
020 _a9788184000481
_c395
037 _cGeneral Book
040 _aRTL
_cRTL
_beng
041 _2eng
_aeng
082 _aY15:3217, P8
100 _aKAPUR Manju Au.
_9308761
245 0 _aImmigrant
260 _a New Delhi
_bRandom House India
_c2008
300 _a334p
_ccm.
942 _hY15:3217, P8
_cGB
_2CC
999 _c611418
_d611418